000 00388ntaaa2200169 4500
003 01
005 20251027201033.0
008 0714s1973 ag 01
040 _aAR-BaBN
_bspa
_cAR-BaBN
_eaacr
_dRIC
082 _a154 J24
100 _aJagot, Paul C.
245 _aLa memoria /
_cPaul C. Jagot
250 _a1 ed.
260 _aBuenos Aires :
_bTor
650 _aMemoria
_94811
942 _cBK
999 _c4475
_d4475